Quiz dos estados brasileiros - Maranhão - Statistics

Estatísticas Gerais
  • Esse quiz foi jogado 143 vezes
  • A pontuação média é 13 de 23
Estatísticas das Respostas
Dica Resposta % Correto
Capital São Luís
99%
3 cidade mais populosas São Luís
99%
País que ocupou o litoral durante um período de invasão do nordeste Holanda
86%
Biomas que podem ser encontrados no estado Cerrado
79%
3 cidade mais populosas Imperatriz
77%
Parque nacional de aparência única que intercala dunas e lagos Lençóis Maranhenses
71%
Sambista cantora de "Meu Ébano" e "Não Deixe o Samba Morrer" Alcione
70%
País que iniciou uma colônia no estado e fundou a capital França
70%
Poderosa família de políticos cujo patriarca já foi presidente da república Sarney
70%
Gênero musical jamaicano com forte presença na capital reggae
69%
Biomas que podem ser encontrados no estado Amazônia
65%
Juntos esses dois minérios representam aprox. 60% das exportações do estado ferro
56%
Rio que marca a divisa com o Piauí Parnaíba
56%
Maior centro de lançamento de foguetes do Brasil Alcântara
55%
Produto agrícola que corresponde a aprox. 25% das exportações do estado soja
54%
3 cidade mais populosas São José de Ribamar
43%
Juntos esses dois minérios representam aprox. 60% das exportações do estado alumínio
42%
Produto agrícola que teve relevância econômica no estado no passado algodão
25%
Ferrovia que liga a capital ao Pará onde trafegam os maiores trens do mundo Carajás
23%
Poeta indicado ao prêmio Nobel de literatura Ferreira Gullar
16%
Molho tradicional que tem como base vinagreira, gergelim, farinha e camarão seco cuxá
14%
Revolta popular liderada por um fabricante de balaios balaida
10%
Oficial britânico comandante da esquadra brasileira na guerra de independência que teria saqueado a capital Thomas Cochrane
6%
Nenhum quiz correspondente encontrado
Distribuição das Pontuações
Porcentagem de Pessoas com Cada Pontuação
Percentil de Números Respondidos
Sua Pontuação Histórica
Você não jogou esse quiz